| 000 | 00660cam a2200241 a 4500 | ||
|---|---|---|---|
| 001 | 2928139 | ||
| 003 | NUST - PNEC | ||
| 005 | 20170116181144.0 | ||
| 008 | 890522s1989 nyua b 001 0 eng | ||
| 010 | _a 89045757 | ||
| 020 | _a0816021260 (alk. paper) | ||
| 040 | _cLIBRARY | ||
| 043 | _aa-pk--- | ||
| 050 | 0 | 0 |
_aDS376.8 _b.S67 1989 |
| 082 | 0 | 0 |
_a915.491045 CAM _220 |
| 100 |
_914865 _a- |
||
| 245 | 0 | 0 |
_aSpectrum guide to Pakistan. _c- |
| 260 |
_aNew York : _bFacts on File, _c1989. |
||
| 300 |
_a364 p. : _bcol. ill. ; _c24 cm. |
||
| 504 | _aIncludes bibliographical references (p. 359). | ||
| 651 | 0 |
_aPakistan _xGuidebooks. |
|
| 942 |
_2ddc _cBK |
||
| 999 |
_c70616 _d70616 |
||